Language Quiz

Random Language or Letter Quiz

It'll be OK in the end Quiz Stats

 Plays Quiz not verified by Sporcle

Support Sporcle.
Go Orange.
Score 0/18 Timer 04:00
0 Plays Today
Clue OK word % Correct
Pan used in Chinese cookingWok
96.9%
A castle in chessRook
91.4%
Small streamBrook
85.2%
Primary city of ThailandBangkok
84.6%
Popular sports footwear brandReebok
84%
Trembled uncontrollablyShook
71%
Small corner, alcove, or recessNook
70.4%
Ghost or apparitionSpook
69.1%
British naval explorer and navigatorCook
66%
Clue OK word % Correct
Commemorative school annualYearbook
66%
Without self-controlAmok
55.6%
Prospects for the futureOutlook
54.3%
Large Pacific salmon or warm dry wind Chinook
42%
Incomprehensible jargon Gobbledygook
42%
Famous Hungarian composer Béla Bartok
39.5%
South African gazelleSpringbok
38.9%
Russia's largest Pacific port cityVladivostok
30.9%
Silky fiber used for insulation Kapok
7.4%

You're not logged in!

Compare scores with friends on all Sporcle quizzes.
OR
Log In

From the Vault

Round Animals

by MoMosMoProblems

We choose to believe their mode of locomotion is just rolling around.
Remove Ads.
Support Sporcle.
Get the best of Sporcle when you Go Orange. This ad-free experience offers more features, more stats, and more fun while also helping to support Sporcle. Thank you for becoming a member.

Show Comments

Extras

Created Feb 28, 2011ReportNominate
Tags:Letter Quiz, end

Top Quizzes Today


Score Distribution

Your Account Isn't Verified!

In order to create a playlist on Sporcle, you need to verify the email address you used during registration. Go to your Sporcle Settings to finish the process.

Report this User

Report this user for behavior that violates our Community Guidelines.

Details: